Chansons de Orelsan - Album La fête est finie - Statistiques

Statistiques générales
  • Ce quiz a été pris 26 fois
  • Le résultat moyen est 8 sur 14
Statistiques - réponses
Ordre dans l'album Chansons % Correct
03 Basique
80%
02 La fête est finie
75%
01 San
75%
12 La Pluie
70%
04 Tout va bien
70%
05 Défaite de famille
65%
14 Notes pour trop tard
65%
09 Christophe
60%
13 Paradis
55%
07 Bonne meuf
50%
11 Dans ma ville, on traîne
50%
10 Zone
50%
06 La Lumière
40%
08 Quand est-ce que ça s'arrête ?
35%
Aucun quiz correspondant
Distribution des résultats
% des personnes avec chaque résultat
Percentile par nombre de réponses
Votre historique - résultats
Vous n’avez pas pris ce quiz